Detalles MARC
| 000 -CABECERA |
| campo de control de longitud fija |
00931nam a22002297a 4500 |
| 003 - IDENTIFICADOR DEL NÚMERO DE CONTROL |
| campo de control |
DO-SdBNP |
| 005 - FECHA Y HORA DE LA ÚLTIMA TRANSACCIÓN |
| campo de control |
20240305140748.0 |
| 007 - CAMPO FIJO DE DESCRIPCIÓN FÍSICA--INFORMACIÓN GENERAL |
| campo de control de longitud fija |
ta |
| 008 - DATOS DE LONGITUD FIJA--INFORMACIÓN GENERAL |
| campo de control de longitud fija |
220818b |||||||| |||| 00| 0 eng d |
| 040 ## - FUENTE DE LA CATALOGACIÓN |
| Centro catalogador/agencia de origen |
DO-SdBNP |
| Lengua de catalogación |
spa |
| Centro/agencia transcriptor |
BNPHU |
| 082 4# - NÚMERO DE LA CLASIFICACIÓN DECIMAL DEWEY |
| Número de edición |
22 |
| Número de clasificación |
282 |
| Número de documento/Ítem |
R788a |
| 100 11 - ENTRADA PRINCIPAL--NOMBRE DE PERSONA |
| Nombre de persona |
Rosa y Carpio, Ramón Benito de la, |
| Fechas asociadas al nombre |
1939- |
| Término indicativo de función/relación |
Mons. |
| 9 (RLIN) |
74159 |
| 111 ## - ENTRADA PRINCIPAL--NOMBRE DE CONGRESO/REUNIÓN |
| Nombre de congreso/reunión o jurisdicción como elemento de entrada |
Congreso mundial de pastoral del turismo Bangkok |
| Número del congreso/reunión o número de parte o sección |
(6to : |
| Fecha del congreso/reunión |
2004 : 5-8 julio |
| Sede del congreso/Lugar de la reunión |
Tailandia) |
| Término indicativo de función/relación |
Postificio consejo para la pastoral de los emigrantes e intinerantes |
| 9 (RLIN) |
82196 |
| 245 10 - MENCIÓN DE TÍTULO |
| Título |
La acogida : |
| Resto del título |
misión evangelízadora / |
| Mención de responsabilidad, etc. |
Ramón Benito de la Rosa y Carpio |
| 260 ## - PUBLICACIÓN, DISTRIBUCIÓN, ETC. |
| Lugar de publicación, distribución, etc. |
Santo Domingo : |
| Nombre del editor, distribuidor, etc. |
Amigo del hogar, |
| Fecha de publicación, distribución, etc. |
2005. |
| 300 ## - DESCRIPCIÓN FÍSICA |
| Extensión |
32 p. : |
| Dimensiones |
21 cm |
| 590 ## - NOTA LOCAL (RLIN) |
| Nota local |
Inventariado,2022 / SA |
| 650 ## - PUNTO DE ACCESO ADICIONAL DE MATERIA--TÉRMINO DE MATERIA |
| Término de materia o nombre geográfico como elemento de entrada |
Cristianismo |
| Subdivisión general |
Congreso |
| 9 (RLIN) |
82197 |
| Subdivisión de forma |
Migrantes |
| -- |
Itinerantes |
| Subdivisión geográfica |
Tailandia |
| 650 ## - PUNTO DE ACCESO ADICIONAL DE MATERIA--TÉRMINO DE MATERIA |
| Término de materia o nombre geográfico como elemento de entrada |
Evangelización |
| Subdivisión general |
Congreso |
| -- |
Iglesia católica |
| 9 (RLIN) |
82198 |
| 650 #0 - PUNTO DE ACCESO ADICIONAL DE MATERIA--TÉRMINO DE MATERIA |
| 9 (RLIN) |
37020 |
| Término de materia o nombre geográfico como elemento de entrada |
Congreso |
| 942 ## - ELEMENTOS DE PUNTO DE ACCESO ADICIONAL (KOHA) |
| Fuente del sistema de clasificación o colocación |
Dewey Decimal Classification |
| Tipo de ítem Koha |
Libro |